Adel in der Oberlausitz im Mittelalter und Früher Neuzeit
| Titel: | Adel in der Oberlausitz im Mittelalter und Früher Neuzeit |
|---|---|
| Verfasser: | |
| Beteiligt: | |
| In: |
Adel in Schlesien und in der Oberlausitz ; 2. Mittelalter, Neuzeit, Gegenwart, (2014), Seite 194-203, 8 Abb. alle Artikel anzeigen |
| Veröffentlicht: | 2014 |
| Format: | Aufsatz |
| Sprache: | Deutsch; Polnisch |
X
alg: 39231821 001A $01999:11-11-16 001B $01999:26-04-21 $t20:17:19.000 001D $01999:11-11-16 001U $0utf8 001X $00 002@ $0Aox 003@ $0392318210 007A $0392318210 $aHEB 007T $0Herdc0106373m 010@ $ager $apol 011@ $a2014 021A $aAdel in der Oberlausitz im Mittelalter und Früher Neuzeit 027A $aSzlachta na Górnych Łużycach w średniowieczu i wczesnej nowożytnościi 028A $7139410341 $8Dannenberg, Lars-Arne$Z1971- [Tp1] $9216559804 028B/01 $aRichthofen $dJasper von 031A $h194-203, 8 Abb. $j2014 037A $aDeutscher und polnischer Text 037A $aTekst w języku polskim i niemieckim039B $aIn $8--Afu--. Adel in Schlesien und in der Oberlausitz ; 2. Mittelalter, Neuzeit, Gegenwart. - Dresden : Sandstein, 2014. - 340 Seiten. - Illustrationen, Karten. - ISBN 978-3-95498-097-0 $x201400000000000806 $9348080239 045F $a306.09438 $eDDC23BSB 045F/01 $a306.09 045F/03 $g438 045F/03 $g4385 046B $aParallelt.: Szlachta na Górnych Łużycach w średniowieczu i wczesnej nowożytnościi lok: 39231821 78 exp: 39231821 78 1 #EPN 201B/01 $020-05-19 $t22:53:09.000 201U/01 $0utf8 203@/01 $0788415557 208@/01 $a11-11-16 $be 209A/01 $a/ $f000 $x00 220C/01 $aTitelaufnehmer: pg 220C/01 $aHerkunft: HI Marburg 244Z/01 $2Trx $#Silesia $#Śląsk $#Sliezsko $#Slezsko $8--Trx--Schlesien $x01 $9391173987 244Z/01 $2Trx $#Poola $#Lenkija $#Polija $#Polen Land $#Poland $#Lengyelország $#Poľsko $#Polsko $8--Trx--Polska$gkraj $x02 $9391345966 244Z/01 $#Lausitz, Süd $#Südliche Lausitz $74042942-8 $8--Tg1--Oberlausitz $x03 $9085119431 244Z/01 $aGeschichte 900-1550 $x04 244Z/01 $2Trx $#aadel üldine $#bajorai bendras $#gentry $#nemesség általános $#szlachta ogólnie $#šľachta všeobecne $#šlechta všeobecně $#Aristokratie $#arystokracja $#aristokracia $#aristokrace $8--Trx--Adel$gallgemein $x05 $9391364162 244Z/01 $2Trx $8--Trx--Einzelbeiträge $x06 $9391384570 245Z/01 $a09.08 $x01 247C/01 $82080>Marburg/Lahn, Herder-Institut, Forschungsbibliothek, Bibliographieportal $9336309341
| LEADER | 00000caa a22000002c 4500 | ||
|---|---|---|---|
| 001 | 392318210 | ||
| 003 | DE-603 | ||
| 005 | 20210426201719.0 | ||
| 007 | tu | ||
| 008 | 161111s2014 xx |||| | u00||u|ger c | ||
| 035 | |a (DE-599)HEB392318210 | ||
| 040 | |a DE-603 |b ger |c DE-603 |d DE-603 | ||
| 041 | |a ger |a pol | ||
| 082 | 0 | 4 | |8 1\u |a 306.09438 |q DE-101 |2 23/BSB |
| 085 | |8 1\u |b 306.09 | ||
| 085 | |8 1\u |z 2 |s 438 | ||
| 085 | |8 1\u |z 2 |s 4385 | ||
| 100 | 1 | |a Dannenberg, Lars-Arne |d 1971- |0 (DE-603)216559804 |0 (DE-588)139410341 |2 gnd | |
| 245 | 0 | 0 | |a Adel in der Oberlausitz im Mittelalter und Früher Neuzeit |
| 246 | 0 | 1 | |i Parallelt. |a Szlachta na Górnych Łużycach w średniowieczu i wczesnej nowożytnościi |
| 246 | 1 | 3 | |a Szlachta na Górnych Łużycach w średniowieczu i wczesnej nowożytnościi |
| 264 | 0 | |c 2014 | |
| 500 | |a Deutscher und polnischer Text | ||
| 500 | |a Tekst w języku polskim i niemieckim <pol> | ||
| 700 | 1 | |a Richthofen, Jasper von | |
| 773 | 0 | 8 | |i In |t Adel in Schlesien und in der Oberlausitz ; 2. Mittelalter, Neuzeit, Gegenwart |d Dresden : Sandstein, 2014 |h 340 Seiten, Illustrationen, Karten |z 9783954980970 |z 3954980975 |g (2014), Seite 194-203, 8 Abb. |w (DE-603)348080239 |
| 924 | 0 | |9 2080 |a (DE-603)788415557 |b DE-2080 |c HES |d d |g / | |


